Psicología de las concepciones del mundo

সংরক্ষণ করুন:
গ্রন্থ-পঞ্জীর বিবরন
প্রধান লেখক: Jaspers, Karl (Author)
বিন্যাস: গ্রন্থ
ভাষা:স্প্যানিশ
প্রকাশিত: Madrid Gredos 1967
মালা:Biblioteca hispánica de filosofía
বিষয়গুলি:
ট্যাগগুলো: ট্যাগ যুক্ত করুন
কোনো ট্যাগ নেই, প্রথমজন হিসাবে ট্যাগ করুন!

MARC

LEADER 00000nam a2200000 a 4500
001 UCY5602
003 CL-VaPUC
008 950512e19670000SP |||||||||||||||||spa|d
082 0 4 |a 142.7  |b JAS  |2 21 
100 |a Jaspers, Karl  |e author  |9 334584 
245 1 0 |a Psicología de las concepciones del mundo 
300 |a 638 p 
942 |c BK 
945 |d 19950512 00:00:00  |a mfernand 
260 |a Madrid  |b Gredos  |c 1967 
600 0 |a Dios  |9 314467 
650 0 |a Existencialismo  |9 265698 
650 0 |a Psicología   |9 257863 
650 0 |a Metafísica  |9 265649 
650 0 |a Filosofía de la acción   |9 311007 
650 0 |a Actitud  |9 258129 
650 0 |a Misticismo  |9 265505 
650 0 |a Filosofía del espíritu  |9 320175 
650 7 |a SUFRIMIENTO  |2 CL-VaPUC  |9 323030 
650 0 |a Anarquismo  |9 269177 
650 0 |a Creencia  |9 334586 
650 0 |a Individualismo  |9 313336 
650 0 |a Intuición  |9 333290 
583 |a last modification  |c 19950512 00:00:00  |k Rodrigo Vera 
490 0 |a Biblioteca hispánica de filosofía 
999 |c 233235  |d 233233 
952 |0 0  |1 0  |4 0  |6 142_700000000000000_JAS_1967  |7 0  |8 P  |9 238582  |a BIBEDU  |b BIBEDU  |d 2019-11-18  |i 150066K  |o 142.7 JAS 1967  |p 150066K  |r 2019-11-18  |w 2019-11-18  |y BK  |k EDU